One More Number - Sudden Death - Statistics

General Stats
  • This quiz has been taken 219 times
  • The average score is 7 of 14
Answers on the Grid
Answers color-coded by a green-red scale on the quiz's grid according to % correct below.
1
14
242
1456
2423
1349
142
1427
14276
46275
15287
34561
3429
142769
1437693
45924
142769758
14276975
1427697
14496972
874296561
1427697583
14276975834
148768758041
4723191421834
1098527488142
14582493592741
142769758346
1427697583462
14276975834629
 
Answer Stats
Answer % Correct
1
98%
14
90%
142
70%
142769
61%
1427
59%
14276
58%
1427697
53%
14276975
43%
1427697583
41%
142769758
40%
14276975834
35%
142769758346
24%
1427697583462
23%
14276975834629
18%
No matching quizzes found
Score Distribution
Percent of People with Each Score
Percentile by Number Answered
Your Score History
You have not taken this quiz